Statistics for an understanding of foreign intrusions into Central America from the 1820s to 1930 (continued): part 2 /
Se presenta la segunda entrega de tablas estadísticas sobre la penetración de capital extranjero en Centroamérica entre la década de 1820-1930 la mayoría de los datos se relaciona con el comercio centroamericano, sobre exportaciones e importaciones a los diferentes países, muchos de ellos europeos c...
Uloženo v:
| Hlavní autor: | |
|---|---|
| Další autoři: | |
| Médium: | Text |
| Jazyk: | Spanish |
| Témata: | |
| Tagy: |
Přidat tag
Žádné tagy, Buďte první, kdo vytvoří štítek k tomuto záznamu!
|
MARC
| LEADER | 00000 a a2200000 04500 | ||
|---|---|---|---|
| 003 | cru CRAI/IIS | ||
| 005 | 20210617132336.0 | ||
| 008 | 210617b |||||||| |||| 00| 0 spa d | ||
| 040 | |c cru CRAI/IIS | ||
| 100 | 1 | |a Schoonover, Thomas |9 10000 |e Autor | |
| 245 | 1 | |a Statistics for an understanding of foreign intrusions into Central America from the 1820s to 1930 (continued): |b part 2 / |c Thomas Schoonover, Ebba Schoonover | |
| 300 | |a páginas 135-156 | ||
| 500 | |a Colección Centroamérica | ||
| 520 | |a Se presenta la segunda entrega de tablas estadísticas sobre la penetración de capital extranjero en Centroamérica entre la década de 1820-1930 la mayoría de los datos se relaciona con el comercio centroamericano, sobre exportaciones e importaciones a los diferentes países, muchos de ellos europeos como Gran Bretaña, Alemania, Bélgica, España y Francia, mientras que en América destaca Estados Unidos. OB/LOB | ||
| 650 | |a INVERSIONES EXTRANJERAS | ||
| 650 | |a COMERCIO EXTERIOR | ||
| 650 | |a EMPRESAS TRANSNACIONALES | ||
| 650 | |a EXPORTACIONES | ||
| 650 | |a IMPORTACIONES | ||
| 650 | 0 | |a PUBLICACIONES INSTITUTO DE INVESTIGACIONES SOCIALES-UCR |9 1857 | |
| 651 | 0 | |9 128 |a AMERICA CENTRAL | |
| 700 | 1 | |a Schoonover, Ebba |9 10001 |e Autora | |
| 942 | |2 ddc |c PP | ||
| 999 | |c 43718 |d 43718 | ||
| 773 | 0 | |0 18765 |9 4973 |a Universidad de Costa Rica. |d San José, Costa Rica: Editorial Universidad de Costa Rica, 1974- |o MFN: 2020 |t Anuario de Estudios Centroamericanos / |x 03777316 | |
